| 000 | 01131nam a22003137a 4500 | ||
|---|---|---|---|
| 003 | EG-ScBUE | ||
| 005 | 20220307114305.0 | ||
| 008 | 110530s2005 ua f 000 ffeeng d | ||
| 020 | _a9774248864 | ||
| 020 | _a9789774248863 | ||
| 040 |
_aEG-ScBUE _beng _erda _cEG-ScBUE _dEG-ScBUE |
||
| 082 | 0 | 4 |
_222 _a892.736 _bMEG |
| 100 | 1 |
_924477 _aAbd al-Majid, Ibrahim, _eauthor. |
|
| 245 | 1 | 0 |
_aBirds of amber / _cIbrahim Abdel Megid ; translated by Farouk Abdel Wahab. |
| 264 | 1 |
_aCairo : _bThe American University in Cairo Press, _c2005. |
|
| 300 |
_a419 pages ; _c24 cm. |
||
| 336 |
_2rdacontent _atext _btxt |
||
| 337 |
_2rdamedia _aunmediated _bn |
||
| 338 |
_2rdacarrier _avolume _bnc |
||
| 490 | 0 | _aModern Arabic literature | |
| 500 | _aOriginally published in Arabic: 2000, Tuyur al-'anbar | ||
| 546 | _aText in English ; translated from the Arabic. | ||
| 650 | 7 |
_aArabic fiction _xTranslations into English. _2BUEsh |
|
| 651 | 7 |
_924476 _aAlexandria (Egypt) _vFiction. _2BUEsh |
|
| 653 |
_cMay2011 _bARALIT |
||
| 655 |
_aArabic fiction _vReading book |
||
| 700 | 1 |
_95803 _aAbdel Wahab, Farouk, _etranslator. |
|
| 942 |
_2ddc _cBB |
||
| 999 |
_c15481 _d15481 |
||